| 000 | 00940cam a22003253a 4500 | ||
|---|---|---|---|
| 001 | 6053 | ||
| 003 | PGUSA | ||
| 005 | 20140828083127.0 | ||
| 008 | 040701s2004||||xxu|||||s|||||000 1 eng d | ||
| 040 |
_aPGUSA _beng |
||
| 042 | _adc | ||
| 050 | 4 | _aPR | |
| 100 | 1 |
_aBurney, Fanny, _d1752-1840 |
|
| 245 | 1 | 0 |
_aEvelina, Or, the History of a Young Lady's Entrance into the World _h[electronic resource] / _cFanny Burney |
| 260 |
_bProject Gutenberg, _c2004 |
||
| 506 | _aPublic domain in the USA. | ||
| 516 | _aElectronic text | ||
| 653 | _aEpistolary fiction | ||
| 653 | _aBildungsromans | ||
| 653 | _aHumorous stories | ||
| 653 | _aYoung women -- Fiction | ||
| 653 | _aLove stories | ||
| 653 | _aDebutantes -- Fiction | ||
| 653 | _aSatire | ||
| 653 | _aLondon (England) -- Fiction | ||
| 653 | _aSocialites -- Fiction | ||
| 830 | 0 |
_aProject Gutenberg _v6053 |
|
| 856 | 4 | 0 | _uhttp://www.gutenberg.org/ebooks/6053 |
| 942 | _cEB | ||
| 999 |
_c235381 _d235381 |
||